Library of the University of Algiers 3
Ibrahim Sultan Cheibout
شعار جامعة الجزائر 3
مكتبة جامعة الجزائر 3
إبراهيم سلطان شيبوط

تعديل و بناء السلوك الإنساني (رقم التسجيلة. 13467)

تفاصيل مارك
000 -LEADER
fixed length control field 00569nam a2200205Ia 4500
003 - CONTROL NUMBER IDENTIFIER
control field IEPS
005 - DATE AND TIME OF LATEST TRANSACTION
control field 20250703135322.0
008 - FIXED-LENGTH DATA ELEMENTS--GENERAL INFORMATION
fixed length control field 250223s9999||||xx |||||||||||||| ||und||
020 ## - INTERNATIONAL STANDARD BOOK NUMBER
International Standard Book Number 995707671
040 ## - CATALOGING SOURCE
-- IEPS
041 ## - LANGUAGE CODE
Language code of text/sound track or separate title ara
082 ## - DEWEY DECIMAL CLASSIFICATION NUMBER
Classification number 158.1
100 ## - MAIN ENTRY--PERSONAL NAME
Personal name الروسان فاروق
245 #0 - TITLE STATEMENT
Title تعديل و بناء السلوك الإنساني
260 ## - PUBLICATION, DISTRIBUTION, ETC.
Place of publication, distribution, etc. عمان
Name of publisher, distributor, etc. دار الفكر ناشرون و موزعون
Date of publication, distribution, etc. 2010
300 ## - PHYSICAL DESCRIPTION
Extent 240 ص.
Dimensions 24 سم.
653 ## - INDEX TERM--UNCONTROLLED
Uncontrolled term السلوك
653 ## - INDEX TERM--UNCONTROLLED
Uncontrolled term السلوك الاجتماعي
942 ## - ADDED ENTRY ELEMENTS (KOHA)
Koha item type كتب
المقتنيات
Withdrawn status Lost status Source of classification or shelving scheme Damaged status Not for loan Home library Current library Date acquired Inventory number Total checkouts Full call number Barcode Date last seen Copy number Price effective from Koha item type
    Dewey Decimal Classification   NOT LOAN / إعارة داخلية مكتبة معهد التربية البدنية و الرياضية مكتبة معهد التربية البدنية و الرياضية 23/02/2025 invar6993   158.1 ا ف ت / 1 invar6993 23/02/2025 ل ع 2325 / 1 23/02/2025 كتب
    Dewey Decimal Classification   Available مكتبة معهد التربية البدنية و الرياضية مكتبة معهد التربية البدنية و الرياضية 23/02/2025 invar8991   158.1 ا ف ت / 1 invar8991 23/02/2025 ل ع 2833 / 1 23/02/2025 كتب
    Dewey Decimal Classification   Available مكتبة معهد التربية البدنية و الرياضية مكتبة معهد التربية البدنية و الرياضية 23/02/2025 invar951   158.1 ا ف ت / 1 invar951 23/02/2025 ل ع 592 / 1 23/02/2025 كتب
    Dewey Decimal Classification   Available مكتبة معهد التربية البدنية و الرياضية مكتبة معهد التربية البدنية و الرياضية 23/02/2025 invar6994   158.1 ا ف ت / 2 invar6994 23/02/2025 ل ع 2325 / 2 23/02/2025 كتب
    Dewey Decimal Classification   Available مكتبة معهد التربية البدنية و الرياضية مكتبة معهد التربية البدنية و الرياضية 23/02/2025 invar8992   158.1 ا ف ت / 2 invar8992 23/02/2025 ل ع 2833 / 2 23/02/2025 كتب
    Dewey Decimal Classification   Available مكتبة معهد التربية البدنية و الرياضية مكتبة معهد التربية البدنية و الرياضية 23/02/2025 invar6995   158.1 ا ف ت / 3 invar6995 23/02/2025 ل ع 2325 / 3 23/02/2025 كتب
    Dewey Decimal Classification   Available المكتبة المركزية لجامعة الجزائر 3 مكتبة معهد التربية البدنية و الرياضية 23/02/2025 invar8993   158.1 ا ف ت / 3 invar8993 23/02/2025 ل ع 2833 / 3 23/02/2025 كتب
    Dewey Decimal Classification   Available مكتبة معهد التربية البدنية و الرياضية مكتبة معهد التربية البدنية و الرياضية 23/02/2025 invar6996   158.1 ا ف ت / 4 invar6996 23/02/2025 ل ع 2325 / 4 23/02/2025 كتب
    Dewey Decimal Classification   Available مكتبة معهد التربية البدنية و الرياضية مكتبة معهد التربية البدنية و الرياضية 23/02/2025 invar6997   158.1 ا ف ت / 5 invar6997 23/02/2025 ل ع 2325 / 5 23/02/2025 كتب

موارد الويب المفتوحة


© University of Algiers 3 All Rights Reserved
|
Implemented by LECHELAH Riad